01332cam a22003977a 4500003000500000005001700005008004100022010001000063011001000073020001500083035001000098040000900108082002000117110000800137245007100145260002300216300002800239410000800267490004000275590004100315590004100356590004100397590004100438590004200479650003000521700002800551700002700579810000800606830004700614901000700661905002300668942001000691949007800701999001700779952013800796CHAP20220817043536.0990527d1997 it a rn 00110 eng d a78020 a78992 a9251040125 a89110 cCHAP04a639.2bF3 v.3672 aFAO10aKrill fisheries of the worldc/by Stephen Nicol and Yoshinari Endo aRome :bFAO,c1997 a100 p. :bilus. ; mapas2 aFAO 0aDocumento técnico de pescav; 367 aBATCH-UPDb10c20130110lUCH01h0805 aBATCH-UPDb10c20130111lUCH01h0003 aBATCH-UPDb10c20130410lUCH01h0443 aBATCH-UPDb10c20130914lUCH01h1214 aCONVERSIONb10c20130109lUCH01h134314aEuphausia superba.9388480 aEndo, Yoshinari.9368700 aNicol, Stephen.9811820 aFAO00aDocumento técnico de pescav; 367933242 aBK aLilia Sánchez G. cLIBRO a639.2 F3 v.367bBCcFAOd33724000724811eFAO1h95456i89110kDonaciØnsb c78020d78020 00104053708FAOaBCbBCcPP_FAOd2019-12-31fLIBROi127l0o639.2 F3 v.367p33724000724811r2019-12-31 00:00:00w2019-12-31yLIBRO